| 000 | 00366 a2200145 4500 | ||
|---|---|---|---|
| 005 | 20250625064632.0 | ||
| 020 | _a0-07-144024-0 | ||
| 082 | _a519.5 KEM | ||
| 100 | _aKEMP, S. T. | ||
| 245 | _aBusiness Statistic Demystied | ||
| 260 |
_aNew York, _bMcGraw Hill, _c2004 |
||
| 300 |
_axv, 369p.;ill.; figure, table _bIndex _c23cm |
||
| 700 | _aKEMP, S. | ||
| 942 |
_2ddc _cBKS |
||
| 999 |
_c4922 _d4922 |
||